LEADER 01231nam a2200265 i 4500 001 000000250140 003 CaOOAMICUS 005 20160714000000.0 008 160714s1897 it u000 u ita u 013 $a229045 040 $aSeMil$bita 245 10$aSynodus dioecesana cremensis Ernesto Fontana ... celebrata diebus 4, 5, 6 maii an. D. 1897. 260 $aCremae :$bEx typographia S. Pantaleonis, Aloysii Meleri,$c1897. 300 $aLVIIJ, 93 p. ;$c25 cm. 500 $aLascito Card. C.M. Martini. 650 4$aSinodi diocesani - Crema.$0(OLS)http://semarc/subject/10559 650 4$aSinodi diocesani - Sec. 19.$0(OLS)http://semarc/subject/1277 700 1 $aFontana, Ernesto,$c.$0(OLS)http://semarc/name/21459 710 0 $aDiocesi di Crema.$0(OLS)http://semarc/name/2457 850 $aSeMil 852 $aSeMil$W1$xVenegono$y1$m2J IV 50 FA$j200486$B200486$CSeMilBibl$Z2$F212236 $8I 941 1 $a4 961 $aLascito: Martini Card. Carlo Maria 996 $6245$aSynodus dioecesana cremensis Ernesto Fontana ... celebrata diebus 4, 5, 6 maii an. D. 1897$9(OLS)http://semarc/title/91342 996 $6260$aCremae :$bEx typographia S. Pantaleonis, Aloysii Meleri$9(OLS)http://semarc/publisher/41950 LEADER 00951nam a2200229 4500 001 000000337430 003 CaOOAMICUS 005 20191023000000.0 008 191023s2003 it 000 u ita r 040 $aSeMil$bita 100 1 $aSimenon, Georges,$d<1903-1989>.$0(OLS)http://semarc/name/11680 240 13$aLe port des brumes.$0(OLS)http://semarc/title/426430 245 13$aIl porto delle nebbie /$cGeorges Simenon ; traduzione di Fabrizio Ascari. 264 1$aMilano :$bFabbri,$c2003. 300 $a182 p. ;$c19 cm 700 1 $aAscari, Fabrizio.$0(OLS)http://semarc/name/78336 830 3$aLe grandi inchieste del commissario Maigret.$0(OLS)http://semarc/title/426429 850 $aSeMil 852 $aSeMil$W1$xVenegono$y1$m1V V 351$j218156$B229090$CSeMilBibl$Z2$F229090 $81 996 $6245$aIl porto delle nebbie$9(OLS)http://semarc/title/426431 996 $6264$aMilano :$bFabbri$9(OLS)http://semarc/publisher/30054